000
00315nam a2200133Ia 4500
008
240624s9999 xx 000 0 und d
041
_a
eng
082
_a
920 GUH
100
_a
GUHA RAMCHANDRA
245
_a
MAKERS OF MODERN ASIA
260
_c
2014
_a
London
_b
Belknap
300
_a
385 : P. : cm. ; 22
365
_c
RS
999
_c
23903
_d
23903